[Event "Bad Woerishofen op 34th"]
[Site "Bad Woerishofen"]
[Date "2018.02.25"]
[Round "4"]
[White "Kierzek, Matthias"]
[Black "Riedel, Lutz"]
[Result "1-0"]
[WhiteElo "2259"]
[BlackElo "2040"]
[PlyCount "57"]
[EventDate "2018.02.23"]
[EventType "swiss"]
[EventRounds "9"]
[EventCountry "GER"]
[SourceTitle "EXT 2019"]
[Source "ChessBase"]
[SourceDate "2018.10.10"]
[SourceVersion "1"]
[SourceVersionDate "2018.10.10"]
[SourceQuality "1"]

1. d4 d5 2. c4 c6 3. Nf3 f5 4. Bf4 e6 5. Nc3 Nf6 6. e3 Bd6 7. Ne5 0-0 8. Be2 dxc4 9. Bxc4 Nd5 10. Bg3 Qe7 11. 0-0 g5 12. Qh5 Qg7 13. Rae1 b5 14. Nxd5 exd5 15. Bb3 Be6 16. f4 g4 17. e4 a5 18. exf5 Bf7 19. Nxf7 Rxf7 20. Re8+ Bf8 21. f6 Qxf6 22. Qxg4+ Rg7 23. Qe6+ Qxe6 24. Rxe6 a4 25. Bc2 Kf7 26. f5 c5 27. Rb6 b4 28. Rb7+ Kg8 29. Rxb8 1-0

[Event "Pyramiden Franken Cup"]
[Site "Fuerth"]
[Date "2016.09.04"]
[Round "6"]
[White "Riedel, Lutz"]
[Black "Walter, Thomas"]
[Result "1-0"]
[WhiteElo "2033"]
[BlackElo "2177"]
[PlyCount "47"]
[EventDate "2016.09.01"]
[EventType "swiss"]
[EventRounds "7"]
[EventCountry "GER"]
[SourceTitle "CBM 174 Extra"]
[Source "ChessBase"]
[SourceDate "2016.10.10"]
[SourceVersion "1"]
[SourceVersionDate "2016.10.10"]
[SourceQuality "1"]

1. Nf3 c5 2. g3 b6 3. Bg2 Bb7 4. 0-0 g6 5. c3 Bg7 6. d4 e6 7. Bf4 Ne7 8. dxc5 bxc5 9. Qb3 Qb6 10. Nbd2 d5 11. h4 h6 12. Be5 f6 13. Bd6 Nd7 14. Bxe7 Kxe7 15. Qc2 f5 16. Rab1 Rac8 17. Rfe1 Bf6 18. c4 Kf7 19. cxd5 Bxd5 20. e4 Ba8 21. Nc4 Qa6 22. exf5 gxf5 23. Qd3 Kg7 24. Qxd7+ 1-0

[Event "Pyramiden Franken Cup"]
[Site "Fuerth"]
[Date "2016.09.03"]
[Round "5"]
[White "Suess, Stefan"]
[Black "Riedel, Lutz"]
[Result "0-1"]
[WhiteElo "2049"]
[BlackElo "2033"]
[PlyCount "112"]
[EventDate "2016.09.01"]
[EventType "swiss"]
[EventRounds "7"]
[EventCountry "GER"]
[SourceTitle "CBM 174 Extra"]
[Source "ChessBase"]
[SourceDate "2016.10.10"]
[SourceVersion "1"]
[SourceVersionDate "2016.10.10"]
[SourceQuality "1"]

1. Nf3 c5 2. b3 Nc6 3. Bb2 Nf6 4. g3 g6 5. Bg2 Bg7 6. 0-0 0-0 7. e3 d5 8. a3 b5 9. d3 Qb6 10. a4 bxa4 11. Rxa4 Bb7 12. Nbd2 Rfe8 13. Qa1 Nb4 14. Rc1 a5 15. d4 Rec8 16. dxc5 Qxc5 17. Bf1 Ne8 18. Bxg7 Nxg7 19. c3 Qc7 20. Qb2 Nf5 21. Raa1 Nc6 22. Bg2 Ne5 23. Nxe5 Qxe5 24. Nf3 Qf6 25. Qd2 Nd6 26. Qd4 Ne4 27. c4 dxc4 28. Qxf6 Nxf6 29. Rxc4 Rxc4 30. bxc4 a4 31. Nd4 Bxg2 32. Kxg2 Nd7 33. Kf1 Nc5 34. Ra3 Rb8 35. Nb5 Kf8 36. Ke2 Ke8 37. f3 Kd7 38. Kd2 Kc6 39. Nc3 Rb2+ 40. Kd1 Rb4 41. Nd5 Rxc4 42. Nxe7+ Kb5 43. Nd5 Nb3 44. Ke2 Kc5 45. e4 f5 46. Kd3 fxe4+ 47. fxe4 Rd4+ 48. Ke3 Nd2 49. Nb6 Nc4+ 50. Nxc4 Rxc4 51. Kd3 Rd4+ 52. Ke3 Rb4 53. Rc3+ Rc4 54. Rd3 Kb4 55. e5 a3 56. e6 a2 0-1

[Event "Pyramiden Franken Cup"]
[Site "Fuerth"]
[Date "2016.09.02"]
[Round "2"]
[White "Riedel, Lutz"]
[Black "Lehmann, Tornalf"]
[Result "1-0"]
[WhiteElo "2033"]
[BlackElo "1675"]
[PlyCount "21"]
[EventDate "2016.09.01"]
[EventType "swiss"]
[EventRounds "7"]
[EventCountry "GER"]
[SourceTitle "CBM 174 Extra"]
[Source "ChessBase"]
[SourceDate "2016.10.10"]
[SourceVersion "1"]
[SourceVersionDate "2016.10.10"]
[SourceQuality "1"]

1. Nf3 Nf6 2. g3 d5 3. Bg2 Bf5 4. 0-0 e6 5. d4 Be7 6. c4 0-0 7. Qb3 Qc8 8. Nc3 c6 9. Nh4 dxc4 10. Qxc4 Bc2 11. e4 1-0

[Event "Regionalliga SW 1415"]
[Site "Bayern"]
[Date "2015.03.15"]
[Round "8.8"]
[White "Beck, Gerald1111"]
[Black "Riedel, Lutz"]
[Result "1-0"]
[WhiteElo "1877"]
[BlackElo "1892"]
[PlyCount "123"]
[EventDate "2014.10.19"]
[EventType "team-tourn"]
[EventRounds "9"]
[EventCountry "GER"]
[SourceTitle "EXT 2018"]
[Source "ChessBase"]
[SourceDate "2017.10.13"]
[SourceVersion "1"]
[SourceVersionDate "2017.10.13"]
[SourceQuality "1"]
[WhiteTeam "Haunstetten"]
[BlackTeam "Krumbach"]
[WhiteTeamCountry "GER"]
[BlackTeamCountry "GER"]

1. c4 c5 2. g3 Nc6 3. Bg2 Nf6 4. Nc3 g6 5. Nf3 Bg7 6. d4 cxd4 7. Nxd4 0-0 8. 0-0 a6 9. c5 Qc7 10. Qa4 Qe5 11. Nb3 Qh5 12. Bf3 Qf5 13. Rd1 h5 14. Be3 Ng4 15. Rd5 e5 16. Bxg4 Qxg4 17. Rad1 Qxa4 18. Nxa4 Nb4 19. Rd6 Nc2 20. Bg5 f6 21. Bc1 a5 22. a3 Rf7 23. e3 Bh6 24. R6d3 d5 25. Nb6 Rb8 26. Nxc8 Rxc8 27. Rc3 a4 28. Na5 Na1 29. Rxd5 Nb3 30. Nxb3 axb3 31. Rxb3 Rfc7 32. Rb5 Bf8 33. b4 Kf7 34. Kf1 Ke6 35. Rd1 h4 36. g4 Ra8 37. Rb6+ Kf7 38. e4 Be7 39. Ke2 Ke8 40. Rd5 Kf7 41. Kd3 g5 42. Kc4 Ke8 43. Kb3 Ra7 44. a4 Ra8 45. Be3 Rac8 46. a5 Ra8 47. Rd3 Kf7 48. Kc4 Ke8 49. Kb5 Rb8 50. Rd5 Kf7 51. Kc4 Ra8 52. Bd2 Ke8 53. Bc3 Kf7 54. Rd3 Ke8 55. Rd5 Bd8 56. Re6+ Kf7 57. Red6 Ke8 58. b5 Be7 59. Rb6 Rac8 60. Bb4 Kf7 61. a6 bxa6 62. Rxa6 1-0

[Event "Regionalliga SW 1415"]
[Site "Bayern"]
[Date "2014.11.09"]
[Round "2.8"]
[White "Nerlinger, Matthias"]
[Black "Riedel, Lutz"]
[Result "1-0"]
[WhiteElo "1815"]
[BlackElo "1892"]
[PlyCount "123"]
[EventDate "2014.10.19"]
[EventType "team-tourn"]
[EventRounds "9"]
[EventCountry "GER"]
[SourceTitle "EXT 2018"]
[Source "ChessBase"]
[SourceDate "2017.10.13"]
[SourceVersion "1"]
[SourceVersionDate "2017.10.13"]
[SourceQuality "1"]
[WhiteTeam "Solln"]
[BlackTeam "Krumbach"]
[WhiteTeamCountry "GER"]
[BlackTeamCountry "GER"]

1. d4 d5 2. c4 c6 3. Nc3 Nf6 4. Nf3 g6 5. cxd5 cxd5 6. Bg5 Bg7 7. e3 0-0 8. Bd3 Nc6 9. 0-0 a6 10. Rc1 h6 11. Bh4 g5 12. Bg3 Nh5 13. Ne5 Nxg3 14. Nxc6 bxc6 15. hxg3 e5 16. dxe5 Bxe5 17. Na4 Bd7 18. Qc2 Qa5 19. Nc5 Bc8 20. b3 Bd6 21. Qc3 Qxc3 22. Rxc3 Bxc5 23. Rxc5 Bb7 24. Rfc1 Rfe8 25. Bf5 Re7 26. R1c2 Kg7 27. a3 Kf6 28. e4 Rd8 29. f3 h5 30. Kf2 h4 31. gxh4 gxh4 32. exd5 cxd5 33. Bc8 Bxc8 34. Rxc8 Rd6 35. Rh8 Rb7 36. Rxh4 Rxb3 37. Rh6+ Ke7 38. Rc7+ Rd7 39. Rxd7+ Kxd7 40. Rxa6 d4 41. g4 d3 42. Ra4 Ke6 43. Ke3 d2+ 44. Kxd2 Rxf3 45. Ra5 f6 46. Ra4 f5 47. Ra6+ Ke5 48. Ra5+ Kd4 49. gxf5 Rf2+ 50. Ke1 Rh2 51. f6 Ke4 52. f7 Rh8 53. Kd2 Rf8 54. Ra7 Kd4 55. Rd7+ Ke5 56. Kd3 Ke6 57. Rb7 Kd5 58. a4 Kc6 59. Ra7 Kd5 60. a5 Rh8 61. Re7 Kd6 62. Re8 1-0

[Event "GER-chA Seniors 26th"]
[Site "Bad Neuenahr"]
[Date "2014.08.13"]
[Round "9"]
[White "Riedel, Lutz"]
[Black "Diaz Franco, Francisco Jorge"]
[Result "1/2-1/2"]
[WhiteElo "2055"]
[BlackElo "1979"]
[PlyCount "34"]
[EventDate "2014.08.05"]
[EventType "swiss"]
[EventRounds "9"]
[EventCountry "GER"]
[SourceTitle "EXT 2018"]
[Source "ChessBase"]
[SourceDate "2017.10.13"]
[SourceVersion "1"]
[SourceVersionDate "2017.10.13"]
[SourceQuality "1"]

1. d4 Nf6 2. Bf4 c5 3. d5 Qb6 4. Bc1 g6 5. c4 Qb4+ 6. Nd2 Bg7 7. Qb3 Qa5 8. f3 0-0 9. e3 d6 10. Bd3 e6 11. Kf2 a6 12. Ne4 Qc7 13. a4 exd5 14. Nxf6+ Bxf6 15. cxd5 b6 16. Bd2 Bb7 17. Bc3 Nd7 1/2-1/2

[Event "Regionalliga SW 1112"]
[Site "Bayern"]
[Date "2012.04.15"]
[Round "9.3"]
[White "Schreiner, Richard"]
[Black "Riedel, Lutz"]
[Result "1-0"]
[WhiteElo "2187"]
[BlackElo "1967"]
[PlyCount "76"]
[EventDate "2011.10.02"]
[EventType "team-tourn"]
[EventRounds "9"]
[EventCountry "GER"]
[SourceTitle "EXT 2015"]
[Source "ChessBase"]
[SourceDate "2014.11.20"]
[SourceVersion "1"]
[SourceVersionDate "2014.11.20"]
[SourceQuality "1"]
[WhiteTeam "Garching II"]
[BlackTeam "Krumbach II"]
[WhiteTeamCountry "GER"]
[BlackTeamCountry "GER"]

1. d4 d5 2. Nf3 c6 3. g3 Bf5 4. Bg2 Nd7 5. 0-0 e6 6. b3 Be7 7. c4 Ngf6 8. Nc3 0-0 9. Nh4 Ne4 10. Nxf5 exf5 11. Bb2 Ndf6 12. e3 Bb4 13. Qc2 Rc8 14. Ne2 Bd6 15. f3 Ng5 16. Qxf5 h6 17. Qd3 Qe7 18. Nc3 Ba3 19. Bxa3 Qxa3 20. Rad1 Rcd8 21. e4 dxe4 22. fxe4 Ne6 23. Qe3 Ng4 24. Qe2 Qa5 25. Qxg4 Qxc3 26. Rf3 Qb2 27. Rf2 Qc3 28. d5 Nd4 29. e5 c5 30. Be4 Qe3 31. Kg2 h5 32. Qf4 Qxf4 33. gxf4 Rfe8 34. h4 g6 35. Rd3 Kg7 36. Rg3 Kh7 37. Kf1 Kh6 38. Rfg2 Re7 1-0

[Event "Regionalliga SW 1112"]
[Site "Bayern"]
[Date "2011.11.20"]
[Round "3.3"]
[White "Riedel, Lutz"]
[Black "Schuetz, Guenter"]
[Result "0-1"]
[WhiteElo "1967"]
[BlackElo "2114"]
[PlyCount "86"]
[EventDate "2011.10.02"]
[EventType "team-tourn"]
[EventRounds "9"]
[EventCountry "GER"]
[SourceTitle "EXT 2013"]
[Source "ChessBase"]
[SourceDate "2012.11.22"]
[SourceVersion "1"]
[SourceVersionDate "2012.11.22"]
[SourceQuality "1"]
[WhiteTeam "Krumbach II"]
[BlackTeam "Bayern Muenchen III"]
[WhiteTeamCountry "GER"]
[BlackTeamCountry "GER"]

1. Nf3 f5 2. d4 d6 3. c4 Nf6 4. Nc3 g6 5. Bg5 Nbd7 6. Qc2 Bg7 7. e3 c6 8. Be2 0-0 9. Rd1 Qe8 10. d5 c5 11. h4 a6 12. a3 Qf7 13. Bf4 h6 14. 0-0 Ng4 15. b4 Qf6 16. bxc5 Qxc3 17. Qxc3 Bxc3 18. cxd6 Bf6 19. Nd4 Nc5 20. dxe7 Bxe7 21. Rb1 g5 22. hxg5 hxg5 23. Bc7 Nf6 24. Rfd1 Nfe4 25. Ba5 Bd7 26. Be1 Bd6 27. f3 Nf6 28. Bb4 Rab8 29. Ne6 Bxe6 30. dxe6 Be7 31. e4 fxe4 32. fxe4 Nfxe4 33. Bh5 Kg7 34. Rd7 Nxd7 35. Bxe7 Ndc5 36. Bxf8+ Kxf8 37. Bg6 Ke7 38. Re1 Nd6 39. Re5 Nxe6 40. c5 Kf6 41. Rd5 Kxg6 42. Rxd6 Kf5 43. Kf2 Ke5 0-1

[Event "Regionalliga SW 1011"]
[Site "Bayern"]
[Date "2011.03.20"]
[Round "8.4"]
[White "Bucan, Djordje"]
[Black "Riedel, Lutz"]
[Result "0-1"]
[WhiteElo "2096"]
[BlackElo "2034"]
[PlyCount "69"]
[EventDate "2010.10.10"]
[EventType "team-tourn"]
[EventRounds "9"]
[EventCountry "GER"]
[SourceTitle "EXT 2012"]
[Source "ChessBase"]
[SourceDate "2011.11.24"]
[SourceVersion "1"]
[SourceVersionDate "2011.11.24"]
[SourceQuality "1"]
[WhiteTeam "Muenchen Suedost"]
[BlackTeam "Krumbach II"]
[WhiteTeamCountry "GER"]
[BlackTeamCountry "GER"]

1. d4 d5 2. Nf3 Nf6 3. c4 c6 4. Nc3 e6 5. Bg5 Be7 6. e3 Nbd7 7. a3 a5 8. Bd3 dxc4 9. Bxc4 Nd5 10. Bxe7 Qxe7 11. Rc1 0-0 12. 0-0 Nxc3 13. Rxc3 b5 14. Bd3 Bb7 15. Qc2 h6 16. Rc1 Rac8 17. Bh7+ Kh8 18. Be4 b4 19. Rb3 f5 20. Bd3 c5 21. Bb5 cxd4 22. Qd1 Rxc1 23. Qxc1 Bxf3 24. Bxd7 Bd5 25. Ba4 Qg5 26. Qf1 Bxb3 27. Bxb3 dxe3 28. axb4 axb4 29. f4 Qf6 30. Qd3 Qxb2 31. Qxe3 Qc3 32. Qxe6 Qc1+ 33. Kf2 Qxf4+ 34. Kg1 Qe4 35. Qc4 0-1

[Event "Regionalliga SW 1011"]
[Site "Bayern"]
[Date "2010.10.24"]
[Round "2.5"]
[White "Stoehr, Herbert"]
[Black "Riedel, Lutz"]
[Result "0-1"]
[WhiteElo "1905"]
[BlackElo "2034"]
[PlyCount "128"]
[EventDate "2010.10.10"]
[EventType "team-tourn"]
[EventRounds "9"]
[EventCountry "GER"]
[SourceTitle "EXT 2012"]
[Source "ChessBase"]
[SourceDate "2011.11.24"]
[SourceVersion "1"]
[SourceVersionDate "2011.11.24"]
[SourceQuality "1"]
[WhiteTeam "Muenchen Schwabing"]
[BlackTeam "Krumbach II"]
[WhiteTeamCountry "GER"]
[BlackTeamCountry "GER"]

1. e4 c5 2. Nf3 d6 3. d4 cxd4 4. Nxd4 Nf6 5. Nc3 g6 6. f3 Bg7 7. Be3 Nc6 8. Bc4 Bd7 9. Qd2 Rc8 10. Bb3 Qa5 11. 0-0-0 Ne5 12. Kb1 Nc4 13. Bxc4 Rxc4 14. h4 h5 15. Nd5 Qxd2 16. Nxf6+ Bxf6 17. Rxd2 a5 18. Ne2 a4 19. Bd4 Bxd4 20. Rxd4 Rc7 21. Nc3 b5 22. Re1 f6 23. Nd5 Rc5 24. a3 Kf7 25. c3 Rd8 26. Kc2 e6 27. Nb4 Ke7 28. Rd2 Be8 29. Rd4 g5 30. Nd3 Rcc8 31. f4 e5 32. fxe5 fxe5 33. Rb4 Bd7 34. hxg5 Rg8 35. Rf1 Rxg5 36. Ne1 Rg4 37. Kd2 Rcg8 38. Ke3 Be6 39. Rh1 Bf7 40. c4 Bxc4 41. Rxh5 Rf8 42. Rh2 Rf1 43. Nf3 Rd1 44. Nd2 Re1+ 45. Kf3 Rf4+ 46. Kg3 Re3+ 47. Nf3 Rfxe4 48. Rh7+ Ke6 49. Kh2 Rg4 50. Nh4 Rg5 51. Nf3 Rg8 52. Nh4 Re2 53. Kh3 Kd5 54. Rh6 Kc5 55. Rh7 Re1 56. Kh2 e4 57. Rc7+ Kd4 58. Re7 Rh8 59. Kg3 Kd3 60. Rg7 d5 61. Ng6 Re8 62. Kf4 Rf1+ 63. Kg3 e3 64. Rd7 e2 0-1

[Event "Forchheim op 9th"]
[Site "Forchheim"]
[Date "2010.10.01"]
[Round "1"]
[White "Riedel, Lutz"]
[Black "Sobolevsky, Leonid"]
[Result "1/2-1/2"]
[WhiteElo "2139"]
[BlackElo "2252"]
[PlyCount "101"]
[EventDate "2010.10.01"]
[EventType "swiss"]
[EventRounds "5"]
[EventCountry "GER"]
[SourceTitle "CBM 138 Extra"]
[Source "ChessBase"]
[SourceDate "2010.10.29"]
[SourceVersion "1"]
[SourceVersionDate "2010.10.29"]
[SourceQuality "1"]

1. d4 Nf6 2. c4 e6 3. Nc3 Bb4 4. Qc2 0-0 5. Bg5 d6 6. Nf3 Nbd7 7. e4 Bxc3+ 8. bxc3 e5 9. Be2 Qe7 10. 0-0 h6 11. Bxf6 Nxf6 12. Nd2 c5 13. Qd3 Re8 14. Rab1 b6 15. d5 Nh7 16. Bd1 Rf8 17. Bc2 f5 18. f4 exf4 19. Rxf4 g5 20. Rff1 f4 21. Rbe1 Qg7 22. Ba4 g4 23. e5 dxe5 24. Qe4 Bf5 25. Qxe5 Qxe5 26. Rxe5 Bd3 27. Rfe1 a6 28. Bd7 Nf6 29. Bf5 Bxf5 30. Rxf5 Nd7 31. Rxf8+ Rxf8 32. Re6 Rf6 33. Rc6 h5 34. Ne4 Rf7 35. Re6 b5 36. cxb5 axb5 37. Nd6 Rf6 38. Re8+ Rf8 39. Rxf8+ Kxf8 40. Nxb5 Nb6 41. Kf2 Ke7 42. h3 Nxd5 43. hxg4 hxg4 44. a4 Kd7 45. a5 Kc6 46. c4 Ne3 47. Na3 Nf5 48. Nb5 Kb7 49. Nc3 Ka6 50. Ne4 Kxa5 51. Nxc5 1/2-1/2

[Event "Bayern-ch Seniors 21st"]
[Site "Bergen"]
[Date "2009.06.25"]
[Round "6"]
[White "Riedel, Lutz"]
[Black "Wolf, Reinhard"]
[Result "1/2-1/2"]
[WhiteElo "1995"]
[BlackElo "1826"]
[PlyCount "73"]
[EventDate "2009.06.20"]
[EventType "swiss"]
[EventRounds "9"]
[EventCountry "GER"]
[SourceTitle "EXT 2015"]
[Source "ChessBase"]
[SourceDate "2014.11.20"]
[SourceVersion "1"]
[SourceVersionDate "2014.11.20"]
[SourceQuality "1"]

1. Nf3 d5 2. g3 c5 3. c4 e6 4. Bg2 Nc6 5. 0-0 Nf6 6. d3 Be7 7. Bf4 0-0 8. Nc3 d4 9. Ne4 Nxe4 10. dxe4 g5 11. Bd2 e5 12. a3 f5 13. Ne1 f4 14. Nd3 a5 15. Qc2 Be6 16. Rab1 Qc7 17. Rfc1 Rfb8 18. Qd1 b6 19. Kh1 Qd7 20. Qa4 Bd6 21. Rg1 Kh8 22. gxf4 gxf4 23. Bf3 Rg8 24. Qb5 Qc7 25. Bxf4 Bd7 26. Bg3 Nb4 27. Qxd7 Qxd7 28. axb4 cxb4 29. Nxe5 Qc7 30. Nf7+ Qxf7 31. Bxd6 Qe6 32. e5 Rxg1+ 33. Rxg1 Rg8 34. Bd5 Rxg1+ 35. Kxg1 Qg4+ 36. Kf1 Qh3+ 37. Kg1 1/2-1/2

[Event "Bayern-ch Seniors 21st"]
[Site "Bergen"]
[Date "2009.06.23"]
[Round "4"]
[White "Riedel, Lutz"]
[Black "Kahn, Peter"]
[Result "1/2-1/2"]
[WhiteElo "1995"]
[BlackElo "1915"]
[PlyCount "97"]
[EventDate "2009.06.20"]
[EventType "swiss"]
[EventRounds "9"]
[EventCountry "GER"]
[SourceTitle "EXT 2015"]
[Source "ChessBase"]
[SourceDate "2014.11.20"]
[SourceVersion "1"]
[SourceVersionDate "2014.11.20"]
[SourceQuality "1"]

1. d4 d5 2. Nf3 Nf6 3. h3 e6 4. Bg5 Nbd7 5. Nbd2 Be7 6. e3 c5 7. dxc5 Nxc5 8. c4 0-0 9. Be2 b6 10. 0-0 Bb7 11. Nd4 dxc4 12. Nxc4 Nd5 13. Bxe7 Qxe7 14. Nb3 Rfd8 15. Nxc5 Qxc5 16. Rc1 Nf4 17. exf4 Rxd1 18. Rfxd1 Rc8 19. Rc3 Qe7 20. Ne5 Rxc3 21. bxc3 Bd5 22. c4 f6 23. cxd5 exd5 24. Rxd5 fxe5 25. fxe5 Kf8 26. Bg4 Qc7 27. e6 a5 28. Rf5+ Ke8 29. Rf7 Qc5 30. g3 Qe5 31. h4 b5 32. Bf3 Qxe6 33. Rxg7 Qf5 34. Bc6+ Kf8 35. Rg5 Qb1+ 36. Kg2 Qxa2 37. Rxb5 Qc4 38. Rf5+ Kg7 39. Bd5 Qb4 40. Rf4 Qb5 41. Bc4 Qb7+ 42. Kh2 a4 43. h5 a3 44. Kh3 h6 45. f3 Qb4 46. g4 Qb1 47. Rf7+ Kh8 48. Rf8+ Kg7 49. Rf7+ 1/2-1/2

[Event "Bayern-ch Seniors 21st"]
[Site "Bergen"]
[Date "2009.06.22"]
[Round "3"]
[White "Bilyavskyy, Borys"]
[Black "Riedel, Lutz"]
[Result "0-1"]
[WhiteElo "1817"]
[BlackElo "1995"]
[PlyCount "110"]
[EventDate "2009.06.20"]
[EventType "swiss"]
[EventRounds "9"]
[EventCountry "GER"]
[SourceTitle "EXT 2015"]
[Source "ChessBase"]
[SourceDate "2014.11.20"]
[SourceVersion "1"]
[SourceVersionDate "2014.11.20"]
[SourceQuality "1"]

1. d4 d5 2. c4 c6 3. Nf3 Nf6 4. Nc3 g6 5. e3 Bg7 6. Bd3 Bg4 7. h3 Bxf3 8. Qxf3 0-0 9. 0-0 a5 10. b3 Na6 11. Bb2 Nb4 12. Bb1 e6 13. a3 Na6 14. g4 Nd7 15. cxd5 exd5 16. Bc2 Nc7 17. Rab1 Ne6 18. Qg3 Qb8 19. Qxb8 Raxb8 20. f4 Rfe8 21. Ne2 c5 22. Rf3 Nxd4 23. Nxd4 cxd4 24. Bxd4 Rbc8 25. Rb2 Bxd4 26. exd4 Re2 27. Rf2 Re3 28. h4 Nf6 29. Rg2 h5 30. gxh5 Nxh5 31. f5 Nf4 32. Rg4 Nh3+ 33. Kg2 Rcc3 34. Kh2 Re2+ 35. Rg2 Rxg2+ 36. Kxg2 Nf4+ 37. Kf2 Rh3 38. fxg6 fxg6 39. Ra2 Kg7 40. Ra1 Rxh4 41. Kg3 g5 42. Re1 Nh5+ 43. Kg2 Rxd4 44. Bd1 Nf4+ 45. Kg3 Kf6 46. Bf3 Rd3 47. Rb1 Kf5 48. Kf2 g4 49. Bd1 g3+ 50. Kg1 Rd2 51. Bf3 Nh3+ 52. Kf1 Rf2+ 53. Ke1 Rxf3 54. Ke2 Ke4 55. b4 Nf4+ 0-1

[Event "Regionalliga SW 0809"]
[Site "Bayern"]
[Date "2009.02.01"]
[Round "6.6"]
[White "Riedel, Lutz"]
[Black "Erler, Mark"]
[Result "0-1"]
[WhiteElo "1981"]
[BlackElo "2018"]
[PlyCount "106"]
[EventDate "2008.10.05"]
[EventType "team-tourn"]
[EventRounds "9"]
[EventCountry "GER"]
[SourceTitle "EXT 2020"]
[Source "ChessBase"]
[SourceDate "2019.10.17"]
[SourceVersion "1"]
[SourceVersionDate "2019.10.17"]
[SourceQuality "1"]
[WhiteTeam "Krumbach II"]
[BlackTeam "Tuerkheim"]
[WhiteTeamCountry "GER"]
[BlackTeamCountry "GER"]

1. c4 c5 2. Nc3 Nc6 3. g3 g6 4. Bg2 Bg7 5. d3 e5 6. Nf3 Nge7 7. 0-0 0-0 8. Rb1 d6 9. Bg5 f6 10. Bd2 Be6 11. Ne4 a5 12. a3 h6 13. Qc1 Kh7 14. h4 Qd7 15. e3 b6 16. b4 axb4 17. axb4 f5 18. Neg5+ hxg5 19. Nxg5+ Kh8 20. b5 Na5 21. Bxa8 Rxa8 22. h5 Bf6 23. Nxe6 Qxe6 24. hxg6 Nxg6 25. Qd1 Kg7 26. Bxa5 bxa5 27. b6 Qd7 28. Qf3 Rb8 29. Rb5 e4 30. dxe4 Ne5 31. Qxf5 Qxf5 32. exf5 Nxc4 33. b7 a4 34. Rc1 a3 35. Rxc4 a2 36. Ra4 a1Q+ 37. Rxa1 Bxa1 38. Rb6 c4 39. Kf1 d5 40. Ke2 d4 41. e4 Bc3 42. g4 Ba5 43. Rb5 Bc7 44. Rb4 d3+ 45. Ke3 Bf4+ 46. Kxf4 d2 47. Rxc4 d1Q 48. Rc7+ Kf8 49. Rc8+ Ke7 50. f6+ Ke6 51. Rc6+ Kd7 52. Rc5 Qd6+ 53. Re5 Re8 0-1

[Event "Bad Woerishofen op 24th"]
[Site "Bad Woerishofen"]
[Date "2008.03.05"]
[Round "7"]
[White "Espig, Lutz"]
[Black "Riedel, Lutz"]
[Result "1-0"]
[WhiteElo "2258"]
[BlackElo "2025"]
[PlyCount "123"]
[EventDate "2008.02.28"]
[EventType "swiss"]
[EventRounds "9"]
[EventCountry "GER"]
[SourceTitle "EXT 2022"]
[Source "ChessBase"]
[SourceDate "2021.10.06"]
[SourceVersion "1"]
[SourceVersionDate "2021.10.06"]
[SourceQuality "1"]

1. Nf3 c5 2. c4 Nc6 3. Nc3 g6 4. e3 d6 5. Be2 Bg7 6. d4 Bd7 7. 0-0 Nf6 8. d5 Nb4 9. e4 0-0 10. h3 h6 11. Bf4 g5 12. Bh2 Ne8 13. Nd2 e5 14. a3 Na6 15. Bg4 Bxg4 16. Qxg4 Nac7 17. b4 b6 18. Rfb1 Nf6 19. Qf5 Nd7 20. Nd1 Bf6 21. Ne3 Ne8 22. Qf3 Bg7 23. Nf5 Rc8 24. Qd3 f6 25. Bg3 Rf7 26. f3 Bf8 27. Bf2 Kh7 28. Nf1 Qc7 29. b5 Ra8 30. g3 Ng7 31. N1e3 Nxf5 32. Nxf5 Bg7 33. Kg2 Nf8 34. a4 Ng6 35. a5 Rff8 36. Ra4 Ne7 37. Rba1 Nxf5 38. axb6 Qxb6 39. exf5 Rfb8 40. f4 gxf4 41. gxf4 exf4 42. Qf3 Rb7 43. Qxf4 Qd8 44. R4a3 Bf8 45. Rf3 Qe8 46. Re1 Qh5 47. Qg4 Qxg4+ 48. hxg4 Re7 49. Ra3 Kg7 50. Rxe7+ Bxe7 51. Ra6 h5 52. b6 Kf7 53. bxa7 hxg4 54. Kg3 Ke8 55. Kxg4 Kd7 56. Kh5 Kc7 57. Kg6 Kb7 58. Ra2 Bd8 59. Bg3 Kc7 60. Bh4 Kd7 61. Bxf6 Bb6 62. Bg7 1-0